Statistics for K-Pop Artists by Song Title

Click here to take the quiz!

General Stats

  • This quiz has been taken 86 times
  • The average score is 23 of 36

Answer Stats

HintAnswer% Correct
Kill This LoveBLACKPINK
96%
God's MenuStray Kids
95%
MIC DropBTS
92%
I CAN'T STOP METwice
91%
Love ShotEXO
88%
WANNABEITZY
88%
Russian RouletteRed Velvet
87%
Black Mambaaespa
84%
Drunk-DazedENHYPEN
80%
HIPMAMAMOO
80%
HWAA(G)I-DLE
76%
PTT (Paint The Town)LOONA
74%
LILACIU
72%
VERY NICESEVENTEEN
71%
I'm Not CoolHyuna
70%
Ring Ding DongSHINee
68%
WONDERLANDATEEZ
67%
On The GroundROSE
67%
DUN DUNEVERGLOW
66%
NUNU NANAJessi
64%
ASAPSTAYC
63%
Kick ItNCT 127
59%
Blue HourTOMORROW X TOGETHER
59%
GashinaSUNMI
58%
MOVETaemin
58%
FIESTAIZ*ONE
54%
After SchoolWeeekly
54%
JoppingSuperM
49%
Mr. SimpleSUPER JUNIOR
46%
GAMBLERMonsta X
43%
BambiBAEKHYUN
41%
DUMB DUMBJEON SOMI
41%
Shoot MeDAY6
38%
Mr.Mr.Girls' Generation
36%
BREATHEAB6IX
21%
Chi Mat Ba RamBrave Girls
21%

Score Distribution

Percentile by Number Answered

Percent of People with Each Score

Your Score History

You have not taken this quiz